00821nam a22002057a 450000500170000001000150001702000260003203500140005803700090007208200120008124500690009326000330016227000770019530000210027250001010029370000220039494200260041699900190044295201540046120250430114941.0 aENG-144737 a9788197633584c270.00 aEN-128269 bDBAD a306.295 aChronicle Public Policies & Welfare SchemescEdited by N.N. Ojha aNoidabChronicle Publication aA-27D, Sector 16bNoidae201301k0120-2514610/12minfo@chronicleindia.in a216p.c28cm(pbk) aAlso Useful for all State Public Service Commission and other Examination value addition special aOjha, N.N.977953 2ddccENmCHRh306.295 c209320d209320 001040708NFICaMbMd2025-04-30eDelivery of Books Act Divisiong270.00l0oCHR 306.295pEN-128269r2025-04-30 00:00:00t1v270.00w2025-04-30yEN